000 01037nam a2200337 i 4500
003 DO-SdBNP
005 20240701114600.0
007 ta
008 240701s2024 dr r 000 0 spa d
020 _a9789945223521
040 _aDO-SdBNP
_bspa
_cBNPHU
_erda
082 _bG216i
_222
100 _aGarcía, Diógenes
_935398
_eautor
245 1 3 _aIrrefutable explicación del origen del universo /
_cDiógenes García
264 1 _a Santo Domingo :
_bBúho ,
_c2024.
300 _a35 páginas ;
_c15 cm.
336 _2rdacontent
_atexto
_btxt
337 _2rdamedia
_asin mediación
_bn
338 _2rdacarrier
_avolumen
_bnc
500 _aFilosofia
590 _aInventariado, 2024/ DG
650 4 _914357
_aCiudades y pueblos
_zRepública Dominicana
650 _985631
650 _985632
651 4 _aPedernales (República Dominicana)
_xHistoria Local
_938922
651 4 _aPedernales (República Dominicana}
_xVida Social Y Costumbres
_938923
700 _985642
710 _985633
910 _aDG
942 _2ddc
_cLF2
999 _c57087
_d57087